| 000 | 01497cam a2200193 4500 | ||
|---|---|---|---|
| 001 | ##L132028 | ||
| 008 | 051221n1996 000 0 eng u | ||
| 035 | _a(Sirsi) u132028 | ||
| 041 | 0 | _aeng | |
| 100 | 1 | _aAdams, David | |
| 100 | 1 | _aHutchison, Norman | |
| 100 | 1 | _aDisberry, Alan | |
| 245 | 0 | 0 | _aTheoretical dimensions to ownership behaviour in urban redevelopment |
| 260 |
_aLondon _bRICS _c1996 |
||
| 520 | _aThis paper aims to define and classify ownership constraints to urban redevelopment. lt. draws on the initial twelve months work at the University of Aberdeen on a two and a half year study of land ownership constraints to urban redevelopment, funded by the Economic and Social Research Council. On the basis of existing literature, the paper will first present an empirical typology of owner behaviour in urban redevelopment. It will then concentrate on five theoretical approaches to the development process which will be applied to test the robustness of the typology. These approaches will be grounded in neo-classical, event- sequence, agency, structure and structure-agency models of the development process. Each approach will be investigated in turn both to highlight the role it accords to the landowner in development and to identify how far it acknowledges the importance of ownership constraints in the development process. | ||
| 520 | _aThis item is no longer available. | ||
| 690 | _aPROPERTY-RESIDENTIAL PROPERTY-RESIDENTIAL PROPERTY DEVELOPMENT | ||
| 942 | _n0 | ||
| 999 |
_c104973 _d104973 |
||